Without a vision: (Record no. 13644)

000 -LEADER
fixed length control field 00556nam a2200193 a 4500
001 - CONTROL NUMBER
control field :::00011467$&:&@@
003 - CONTROL NUMBER IDENTIFIER
control field OkBaRHE
005 - DATE AND TIME OF LATEST TRANSACTION
control field 20000607103408.0
008 - FIXED-LENGTH DATA ELEMENTS--GENERAL INFORMATION
fixed length control field s1979 j 000 0 eng u
040 ## - CATALOGING SOURCE
Transcribing agency
100 1# - MAIN ENTRY--PERSONAL NAME
Personal name Dufresne, Ed.
245 10 - TITLE STATEMENT
Title Without a vision:
Remainder of title My people perish.
260 ## - PUBLICATION, DISTRIBUTION, ETC. (IMPRINT)
Place of publication, distribution, etc Tulsa, OK., :
Name of publisher, distributor, etc Harrison House
Date of publication, distribution, etc c1979
300 ## - PHYSICAL DESCRIPTION
Extent 32 p. ;
Dimensions 14 cm.
650 ## - SUBJECT ADDED ENTRY--TOPICAL TERM
Topical term or geographic name as entry element Christian Life
650 ## - SUBJECT ADDED ENTRY--TOPICAL TERM
Topical term or geographic name as entry element Visions
942 ## - ADDED ENTRY ELEMENTS (KOHA)
Source of classification or shelving scheme
Koha item type Books
Copies
Barcode Koha item type Date last seen Copy number Lost status Shelving location Date acquired Source of classification or shelving scheme Not for loan Damaged status Withdrawn status Full call number Price effective from Permanent Location
11467Books2010-04-141 General Stacks2010-04-14    BV 5091 .D82010-04-14RHEMA Bible Training College